When you go canoe camping /

Saved in:
Bibliographic Details
Main Author: Germain, Donald L.
Format: Book
Language:English
Published: Nashville : Board of Education of the United Methodist Church, 1968.
Subjects:
LEADER 00871nam a2200241 i 4500
001 c000382760
003 CARM
005 00000000000000.0
008 801125s1968 a 00000 eng d
019 1 |a 2583961  |5 LACONCORD2021 
035 |a (OCoLC)5097239  |5 LACONCORD2021 
040 |a VDU  |c VDU 
082 0 4 |a 797.122 
100 1 |a Germain, Donald L. 
245 1 0 |a When you go canoe camping /  |c by Donald L. Germain. 
260 |a Nashville :  |b Board of Education of the United Methodist Church,  |c 1968. 
300 |a v, 69p. :  |b ill. ;  |c 22 cm. 
504 |a Bibliography: p.67-69. 
650 0 |a Canoes and canoeing. 
650 0 |a Camping. 
852 8 |b CARM  |h A3:AD32A0  |i B11605  |p 0479608  |f BK 
999 f f |i d56c1c20-c003-56c9-be12-720e3357f438  |s 0f56862c-9b5d-56ad-ab8f-05c469473209 
952 f f |p Can circulate  |a CAVAL  |b CAVAL  |c CAVAL  |d CARM 1 Store  |e B11605  |f A3:AD32A0  |h Other scheme  |i book  |m 0479608